| 000 | 00731cam a22002533a 4500 | ||
|---|---|---|---|
| 001 | 5229 | ||
| 003 | PGUSA | ||
| 005 | 20140828083115.0 | ||
| 008 | 040301s2004||||xxu|||||s|||||000 1 eng d | ||
| 040 |
_aPGUSA _beng |
||
| 042 | _adc | ||
| 050 | 4 | _aPS | |
| 100 | 1 |
_aSmith, Francis Hopkinson, _d1838-1915 |
|
| 245 | 1 | 0 |
_aFelix O'Day _h[electronic resource] / _cFrancis Hopkinson Smith |
| 260 |
_bProject Gutenberg, _c2004 |
||
| 506 | _aPublic domain in the USA. | ||
| 516 | _aElectronic text | ||
| 653 | _aRunaway wives -- Fiction | ||
| 653 | _aIrish -- United States -- Fiction | ||
| 653 | _aNew York (N.Y.) -- Fiction | ||
| 830 | 0 |
_aProject Gutenberg _v5229 |
|
| 856 | 4 | 0 | _uhttp://www.gutenberg.org/ebooks/5229 |
| 942 | _cEB | ||
| 999 |
_c234558 _d234558 |
||